000 00533nam a2200217Ia 4500
003 OSt
005 20220924133104.0
006 a|||||r|||| 00| 0
007 ta
008 220923b |||||||| |||| 00| 0 tam d
024 _a256944
037 _cTextual
040 _aARTS
_cARTS
_btam
041 _2tam
_atam
082 _aO31,1B1P21,N42, J0
245 0 _aNarrinaich chorpozhivugal
260 _c1950
650 _aTAMIL POETRY
942 _hO31,1B1P21,N42, J0
_cTEXL
_2CC
999 _c432546
_d432546